[Event "Skalica Masters 2020"]
[Site "Skalica"]
[Date "2020.08.28"]
[Round "7.3"]
[White "Donchenko, Alexander"]
[Black "Gazik, Viktor"]
[Result "1-0"]
[WhiteElo "2657"]
[BlackElo "2502"]
[Annotator "TA"]
[PlyCount "131"]
[EventDate "2020.08.23"]
[EventType "tourn"]
[EventCountry "SVK"]
[SourceTitle "playchess.com"]
[Source "ChessBase"]
[SourceQuality "1"]

{[%evp 18,131,39,43,41,49,52,47,64,59,68,63,74,58,60,28,38,11,31,-10,50,-28,-9,-27,19,37,71,62,81,0,55,0,38,36,58,0,87,96,87,98,115,50,241,50,69,0,193,45,40,22,26,10,32,32,67,57,155,124,115,127,133,32,134,132,98,105,193,187,224,234,271,274,250,263,242,208,365,321,327,319,260,140,423,383,335,84,447,435,413,361,498,53,38,0,621,304,295,262,231,218,496,489,486,488,527,505,1036,1023,1827,1793,1501,1001,29982,29983,29994,29995]} 1. d4 Nf6 2. c4 g6 3. Nc3 Bg7 4. e4 O-O 5. Nf3 d6 6. Be2 e5 7. O-O Nc6 8. d5 Ne7 9. b4 Nd7 10. a4 {[%cal Ba2a4,Ba4a5,Ba5a6][%mdl 32]} f5 {E97: King's Indian: Classical Main Line (6...e5 7 0-0 Nc6): 8 Be3 and 8 d5 Ne7, not 9 Ne1.} 11. a5 Nf6 12. Ra3 $5 {[%mdl 4] Exploring less charted territory.} h6 {White is slightly better.} 13. Nd2 g5 {[#]} 14. c5 $146 ({Predecessor:} 14. exf5 Bxf5 15. Re1 a6 16. Nf1 Qe8 17. Ng3 Bg6 18. Bd3 Bf7 19. Nce4 Nh5 20. Nxh5 Bxh5 {1-0 (35) Suba,M (2540)-Figuero Toro,J (2221) Navalmoral 2009}) 14... Rf7 15. a6 b6 $1 16. cxd6 cxd6 17. Qc2 g4 18. Nb5 Ne8 (18... fxe4 $1 $11 19. Qc7 Qxc7 20. Nxc7 Rb8) 19. Bb2 (19. Qd1 $14) 19... Ng6 $11 20. g3 h5 21. exf5 $1 Ne7 22. Bd3 Nxf5 23. Rc1 (23. Rc3 $16) 23... Bh6 (23... Bd7 $1 $11) 24. Re1 (24. Rc3 $14 Bd7 25. Rc6) 24... Bxd2 25. Qxd2 Qf6 26. Rf1 (26. Rc3 $14) 26... Qe7 (26... Bd7 $11 {keeps the balance.}) 27. Raa1 $16 Neg7 28. Rfc1 Ne8 29. Rc4 (29. Rc6 $16) 29... Qd8 $2 (29... Qf6 $14) 30. Rc2 $2 (30. Rc6 $18) 30... Qf6 $14 31. Rc4 (31. Qe2 $14) 31... Qd8 $18 32. Qc1 (32. Rc6 $18) 32... Bd7 $14 33. Rc2 Qf6 34. Qd1 Qg5 35. Qe1 Neg7 36. Rac1 $36 {[%mdl 2048] Black is under pressure.} Qd8 (36... Ne8 $14) 37. Nc7 Rb8 38. Qd2 Qf6 39. Bb5 (39. Nb5 $16) 39... Rd8 ({Better is} 39... Rbf8 $14) 40. Bxd7 $1 $16 Rdxd7 41. Nb5 $1 h4 (41... Ne8 $16) 42. Rc8+ $18 Kh7 43. Qe2 Qg6 44. R1c4 Nh6 45. Bc1 {Strongly threatening Bxh6.} (45. gxh4 Ngf5 $16) 45... Ngf5 46. Re8 Rf6 $2 (46... Rde7 {keeps fighting.} 47. Rxe7 Rxe7 48. Bxh6 Nxh6 49. gxh4 Rd7) 47. Rcc8 Nf7 48. Rf8 Re7 {[#]} 49. Ra8 (49. Rg8 $1 $18 {[%mdl 512]} Qxg8 50. Rxg8 Kxg8 51. Qxg4+ Kf8 52. gxh4) 49... h3 $2 {[%mdl 8192]} (49... e4 $16) 50. Rg8 Ng7 {intending ...Rf3.} 51. Nc3 $2 (51. Nxa7 $18 {and White stays clearly on top. Black must now prevent Nc6.} Rf3 52. Nc6) 51... Rf3 $2 {[%mdl 8192]} (51... Rc7 $16 {is tougher.} 52. Rgc8 Rxc8 53. Rxc8 Rf3) 52. Ne4 $1 Qf5 {Hoping for ...Rc7.} 53. Rac8 Nh5 54. Rcf8 $2 ({White should try} 54. b5 $18) 54... Rc7 $14 55. Bd2 {aiming for Rg5!} Ng7 $2 {[%mdl 8192] [#]} (55... Ra3 $11 56. Ng5+ Nxg5 57. Rh8+ (57. Rxf5 $2 Nf3+ 58. Rxf3 gxf3 $17) 57... Kg7 58. Rhg8+ (58. Rxf5 Nf3+ 59. Rxf3 gxf3 $17) 58... Kh7 59. Rh8+ (59. Rxf5 $2 Nf3+ 60. Rxf3 gxf3 $17) 59... Kg7 60. Rhg8+ (60. Rxf5 Nf3+ 61. Rxf3 gxf3 $17) 60... Kh7) 56. Ng5+ (56. Rh8+ $142 $1 {[%mdl 512]} Nxh8 57. Rxf5 Nxf5 58. Ng5+ {[%mdl 64] Double Attack} Kg8 59. Nxf3 gxf3 60. Qxf3) 56... Nxg5 $18 57. Rh8+ Kg6 58. Rxf5 Nxf5 $2 (58... Kxf5 {was worth a try.} 59. Be3 Kg6) 59. Rg8+ Ng7 {[#] Threatens to win with ...Ra3.} 60. Kf1 $1 Rc2 {Now ...Kf7 and Black clings on.} 61. Qd1 Rb2 (61... Rc7 $142 62. Qb1+ Rf5 63. Bxg5 Kxg5) 62. Qc1 $1 {[%csl LRb2,LRg5]} ({Don't go for} 62. Bxg5 $2 Rfxf2+ 63. Kg1 Rg2+ 64. Kf1 (64. Kh1 $2 {gets mated.} Rxh2+ 65. Kg1 Rbg2+ {[%mdl 64] Double Attack} 66. Kf1 Rh1# {[%mdl 64] Skewer}) 64... Rbf2+ 65. Ke1 Rg1+ 66. Kxf2 Rxd1 $19) 62... Rfb3 {[#]} 63. Qc7 $1 Nf7 64. Bc1 Ra2 {[#]} 65. Qd7 $1 Rxb4 66. Qe6+ {Accuracy: White = 59%, Black = 45%.} 1-0

[Event "Skalica Masters 2020"]
[Site "Skalica"]
[Date "2020.08.28"]
[Round "7.4"]
[White "Druska, Juraj"]
[Black "Sahidi, Samir"]
[Result "1/2-1/2"]
[WhiteElo "2515"]
[BlackElo "2400"]
[Annotator "ChessBase"]
[PlyCount "85"]
[EventDate "2020.08.23"]
[EventType "tourn"]
[EventCountry "SVK"]
[SourceTitle "playchess.com"]
[Source "ChessBase"]
[SourceQuality "1"]
[TimeControl "40/5400+30:1800+30"]

1. e4 {[%emt 0:01:38]} e6 {[%emt 0:00:23]} 2. d4 {[%emt 0:01:04]} d5 {[%emt 0:00:19]} 3. Nd2 {[%emt 0:01:00]} dxe4 {[%emt 0:01:20]} 4. Nxe4 {[%emt 0:00:06]} Bd7 {[%emt 0:01:35]} 5. Nf3 {[%emt 0:03:06]} Bc6 {[%emt 0:00:36]} 6. Bd3 {[%emt 0:00:05]} Nd7 {[%emt 0:00:28]} 7. O-O {[%emt 0:06:52]} Ngf6 {[%emt 0:02:32]} 8. Ned2 {[%emt 0:00:48]} Be7 {[%emt 0:08:49]} 9. Nc4 {[%emt 0:11:22]} Be4 {[%emt 0:05:58]} 10. Re1 {[%emt 0:05:09]} Bxd3 {[%emt 0:01:56]} 11. Qxd3 {[%emt 0:00:06]} O-O {[%emt 0:01:25]} 12. b3 {[%emt 0:02:52]} c6 {[%emt 0:02:58]} 13. Bf4 {[%emt 0:07:53]} Nd5 {[%emt 0:04:34]} 14. Bg3 {[%emt 0:01:06]} N7f6 {[%emt 0:04:07]} 15. Nce5 {[%emt 0:07:25]} Bb4 {[%emt 0:03:05]} 16. Rf1 {[%emt 0:08:27]} Nh5 {[%emt 0:11:33]} 17. c4 {[%emt 0:06:40]} Ne7 {[%emt 0:06:22]} 18. Rad1 {[%emt 0:05:40]} f6 {[%emt 0:03:46]} 19. Ng4 {[%emt 0:00:40]} Qd7 {[%emt 0:02:34]} 20. Ne3 {[%emt 0:05:48]} Rad8 {[%emt 0:02:54]} 21. Qc2 {[%emt 0:05:12]} Rfe8 {[%emt 0:02:33]} 22. a3 {[%emt 0:00:49]} Nxg3 {[%emt 0:02:14]} 23. hxg3 {[%emt 0:00:11]} Bxa3 {[%emt 0:08:58]} 24. Ra1 {[%emt 0:00:29]} Bb4 {[%emt 0:00:38]} 25. Rxa7 {[%emt 0:01:23]} c5 {[%emt 0:00:48]} 26. Rd1 {[%emt 0:14:22]} Nc6 {[%emt 0:00:51]} 27. dxc5 {[%emt 0:00:10]} Qc7 {[%emt 0:02:40]} 28. Raa1 {[%emt 0:00:46]} Bxc5 {[%emt 0:00:23]} 29. Qe4 {[%emt 0:00:43]} Qb6 {[%emt 0:06:45]} 30. Rxd8 {[%emt 0:00:10]} Nxd8 {[%emt 0:00:28]} 31. Rb1 {[%emt 0:02:21]} Nc6 {[%emt 0:03:25]} 32. g4 {[%emt 0:00:07]} Qd8 {[%emt 0:01:44]} 33. Rd1 {[%emt 0:00:44]} Qe7 {[%emt 0:00:57]} 34. g3 {[%emt 0:00:17]} Ra8 {[%emt 0:01:49]} 35. Kg2 {[%emt 0:00:51]} Ra3 {[%emt 0:00:38]} 36. Re1 {[%emt 0:00:56]} Qd7 {[%emt 0:02:01]} 37. Rd1 {[%emt 0:00:18]} Qe7 {[%emt 0:00:18]} 38. Re1 {[%emt 0:00:30]} Qf7 {[%emt 0:01:25]} 39. Qd3 {[%emt 0:00:22]} Ra8 {[%emt 0:01:19]} 40. Qe4 {[%emt 0:00:46]} h6 {[%emt 0:01:47]} 41. Re2 {[%emt 0:13:54]} Rd8 {[%emt 0:04:12]} 42. Nc2 {[%emt 0:03:04]} Rd6 {[%emt 0:02:15]} 43. Re1 {[%emt 0:07:41]} 1/2-1/2

[Event "Skalica Masters 2020"]
[Site "Skalica"]
[Date "2020.08.28"]
[Round "7.5"]
[White "Saric, Ivan"]
[Black "Yankelevich, Lev"]
[Result "1-0"]
[WhiteElo "2646"]
[BlackElo "2448"]
[Annotator "ChessBase"]
[PlyCount "77"]
[EventDate "2020.08.23"]
[EventType "tourn"]
[EventCountry "SVK"]
[SourceTitle "playchess.com"]
[Source "ChessBase"]
[SourceQuality "1"]
[TimeControl "40/5400+30:1800+30"]

1. e4 {[%emt 0:01:06]} e5 {[%emt 0:00:00]} 2. Nf3 {[%emt 0:00:07]} Nc6 {[%emt 0:00:00]} 3. Bc4 {[%emt 0:00:37]} Nf6 {[%emt 0:00:00]} 4. d3 {[%emt 0:00:05]} Bc5 {[%emt 0:00:00]} 5. O-O {[%emt 0:00:06]} d6 {[%emt 0:00:00]} 6. c3 {[%emt 0:00:04]} a5 {[%emt 0:00:03]} 7. Re1 {[%emt 0:01:15]} Ba7 {[%emt 0:00:18]} 8. Na3 {[%emt 0:03:38]} h6 {[%emt 0:00:49]} 9. Nc2 {[%emt 0:02:35]} O-O {[%emt 0:04:52]} 10. a4 {[%emt 0:05:38]} Ne7 {[%emt 0:01:41]} 11. d4 {[%emt 0:04:37]} d5 {[%emt 0:16:56]} 12. exd5 {[%emt 0:09:10]} exd4 {[%emt 0:00:38]} 13. d6 {[%emt 0:00:52]} Nf5 {[%emt 0:08:24]} 14. Ncxd4 {[%emt 0:00:54]} Nxd4 {[%emt 0:03:20]} 15. Nxd4 {[%emt 0:17:21]} Qxd6 {[%emt 0:00:43]} 16. Nb5 {[%emt 0:00:20]} Qc5 {[%emt 0:09:36]} 17. Qd4 {[%emt 0:06:40]} Qxb5 {[%emt 0:11:06]} 18. axb5 {[%emt 0:00:36]} Bxd4 {[%emt 0:01:03]} 19. cxd4 {[%emt 0:00:03]} Rd8 {[%emt 0:07:16]} 20. Ra4 {[%emt 0:07:34]} Bf5 {[%emt 0:17:02]} 21. Bd2 {[%emt 0:05:44]} Nd5 {[%emt 0:10:51]} 22. Rxa5 {[%emt 0:00:36]} Rxa5 {[%emt 0:00:58]} 23. Bxa5 {[%emt 0:00:06]} Be6 {[%emt 0:00:32]} 24. Rc1 {[%emt 0:02:29]} Nf4 {[%emt 0:02:46]} 25. Bf1 {[%emt 0:03:15]} Rxd4 {[%emt 0:02:05]} 26. Bxc7 {[%emt 0:00:07]} Nd3 {[%emt 0:00:16]} 27. Rd1 {[%emt 0:02:00]} Rd7 {[%emt 0:00:04]} 28. Bxd3 {[%emt 0:00:30]} Rxc7 {[%emt 0:01:06]} 29. Be4 {[%emt 0:01:40]} Kf8 {[%emt 0:01:14]} 30. f3 {[%emt 0:07:28]} f5 {[%emt 0:00:27]} 31. b6 {[%emt 0:02:52]} Rf7 {[%emt 0:00:01]} 32. Bc6 {[%emt 0:01:56]} Rf6 {[%emt 0:01:19]} 33. Rd8+ {[%emt 0:00:50]} Ke7 {[%emt 0:00:01]} 34. Rb8 {[%emt 0:00:51]} Bd7 {[%emt 0:00:58]} 35. Bxd7 {[%emt 0:00:10]} Kxd7 {[%emt 0:00:02]} 36. Rxb7+ {[%emt 0:00:06]} Kc6 {[%emt 0:00:01]} 37. Rxg7 {[%emt 0:00:17]} Kxb6 {[%emt 0:00:04]} 38. Rd7 {[%emt 0:00:45]} Kc6 {[%emt 0:00:08]} 39. Rd2 {[%emt 0:00:09]} 1-0

[Event "Skalica Masters 2020"]
[Site "Skalica"]
[Date "2020.08.29"]
[Round "8.1"]
[White "Jablonicky, Martin"]
[Black "Yankelevich, Lev"]
[Result "1/2-1/2"]
[WhiteElo "2314"]
[BlackElo "2461"]
[Annotator "ChessBase"]
[PlyCount "64"]
[EventDate "2020.08.23"]
[EventType "tourn"]
[EventCountry "SVK"]
[SourceTitle "playchess.com"]
[Source "ChessBase"]
[SourceQuality "1"]
[TimeControl "40/5400+30:1800+30"]

1. d4 {[%emt 0:12:01]} Nf6 {[%emt 0:00:00]} 2. Nf3 {[%emt 0:00:04]} g6 {[%emt 0:00:24]} 3. c4 {[%emt 0:00:05]} Bg7 {[%emt 0:00:15]} 4. Nc3 {[%emt 0:00:02]} d5 {[%emt 0:02:26]} 5. Bg5 {[%emt 0:00:19]} Ne4 {[%emt 0:00:10]} 6. cxd5 {[%emt 0:00:04]} Nxg5 {[%emt 0:00:29]} 7. Nxg5 {[%emt 0:00:05]} e6 {[%emt 0:00:05]} 8. Qd2 {[%emt 0:00:03]} h6 {[%emt 0:00:14]} 9. Nf3 {[%emt 0:01:21]} exd5 {[%emt 0:00:06]} 10. e3 {[%emt 0:01:55]} c6 {[%emt 0:01:04]} 11. Bd3 {[%emt 0:00:57]} Nd7 {[%emt 0:00:12]} 12. O-O {[%emt 0:00:13]} a5 {[%emt 0:01:52]} 13. a3 {[%emt 0:01:53]} O-O {[%emt 0:00:24]} 14. b4 {[%emt 0:00:13]} b5 {[%emt 0:07:17]} 15. e4 {[%emt 0:00:28]} Nb6 {[%emt 0:02:42]} 16. exd5 {[%emt 0:00:58]} axb4 {[%emt 0:01:09]} 17. axb4 {[%emt 0:00:09]} Rxa1 {[%emt 0:00:04]} 18. Rxa1 {[%emt 0:00:05]} Nxd5 {[%emt 0:00:06]} 19. Ne4 {[%emt 0:00:07]} Ne7 {[%emt 0:04:46]} 20. Bc2 {[%emt 0:01:12]} Bg4 {[%emt 0:17:45]} 21. Ne5 {[%emt 0:00:24]} Bxe5 {[%emt 0:00:05]} 22. dxe5 {[%emt 0:00:03]} Qxd2 {[%emt 0:00:03]} 23. Nxd2 {[%emt 0:00:07]} Nd5 {[%emt 0:00:01]} 24. Bb3 {[%emt 0:01:25]} Nxb4 {[%emt 0:08:58]} 25. Ne4 {[%emt 0:00:06]} Be6 {[%emt 0:04:18]} 26. Nf6+ {[%emt 0:01:09]} Kg7 {[%emt 0:00:43]} 27. Bxe6 {[%emt 0:00:06]} fxe6 {[%emt 0:00:03]} 28. Ra7+ {[%emt 0:04:26]} Rf7 {[%emt 0:00:03]} 29. Ne8+ {[%emt 0:00:48]} Kg8 {[%emt 0:01:56]} 30. Nf6+ {[%emt 0:00:06]} Kg7 {[%emt 0:00:04]} 31. Ne8+ {[%emt 0:00:45]} Kg8 {[%emt 0:16:31]} 32. Nf6+ {[%emt 0:00:26]} Kg7 {[%emt 0:00:03]} 1/2-1/2

[Event "Skalica Masters 2020"]
[Site "Skalica"]
[Date "2020.08.29"]
[Round "8.2"]
[White "Sahidi, Samir"]
[Black "Saric, Ivan"]
[Result "0-1"]
[WhiteElo "2400"]
[BlackElo "2646"]
[Annotator "TA"]
[PlyCount "88"]
[EventDate "2020.08.23"]
[EventType "tourn"]
[EventCountry "SVK"]
[SourceTitle "playchess.com"]
[Source "ChessBase"]
[SourceQuality "1"]

{[%evp 12,88,27,-4,7,0,7,0,19,28,30,38,43,47,30,0,0,0,0,0,0,0,0,-216,-214,-233,-235,-229,-233,-227,-213,-273,-271,-268,-249,-245,-252,-259,-265,-292,-278,-311,-316,-316,-324,-302,-304,-388,-382,-399,-399,-399,-399,-399,-397,-413,-399,-397,-372,-397,-390,-390,-390,-392,-392,-392,-395,-387,-381,-444,-435,-433,-411,-490,-490,-531,-519,-29987,-29988]} 1. d4 Nf6 2. Nf3 g6 3. g3 d5 4. Bg2 Bg7 5. c4 dxc4 6. Qa4+ Nfd7 7. Qxc4 Nc6 {D73: Fianchetto Grünfeld: 5 Nf3 .} 8. O-O Nb6 9. Qc2 Nxd4 {The position is equal.} 10. Nxd4 Qxd4 11. Qxc7 Qc4 12. Qxc4 Nxc4 13. Nd2 {[#]} Nxb2 $146 ({Predecessor:} 13... Nxd2 14. Bxd2 O-O 15. Rac1 Bxb2 16. Rc7 Rd8 17. Be3 Bf6 18. Bxb7 Bxb7 19. Rxb7 a6 {1-0 (48) Huebner,R (2600)-Kempinski,R (2515) Pula 1997}) 14. Rb1 Na4 15. Bxb7 Bxb7 16. Rxb7 Nc3 17. Ba3 $2 {Black continues to play with concentration.} (17. Kg2 $11) 17... O-O-O $19 18. Rxe7 {And now Nc4 would win.} Rxd2 {[%mdl 64] Double Attack} 19. Rxa7 {[#]} Rd7 $1 {[%cal Rd7a7]} 20. Ra5 Kb7 21. Bb4 Nxe2+ 22. Kg2 Ra8 23. Rb5+ Kc8 24. Ba5 {Rc5+ is the strong threat.} Rda7 25. Rc5+ Kd7 26. Rd1+ {[#]} Ke8 $1 27. Bb4 {intending Re1.} Nd4 ({Don't take} 27... Rxa2 28. Rc7 $19) 28. a3 Ne6 29. Rb5 Bb2 30. h4 Bxa3 31. Bc3 Rc7 32. Rd3 Bc5 33. Bb2 Rd8 34. Rf3 Bd4 35. Ba3 Rc3 36. Rxc3 Bxc3 37. h5 g5 38. Kh3 Bf6 39. Bc1 Kf8 40. h6 Be7 41. Kg4 Rd4+ 42. Kh5 Rd1 43. Rb8+ Bd8 44. Bb2 (44. Ba3+ $19 Ke8 45. Kg4) 44... f5 {Accuracy: White = 69%, Black = 100%.} 0-1

[Event "Skalica Masters 2020"]
[Site "Skalica"]
[Date "2020.08.29"]
[Round "8.3"]
[White "Gazik, Viktor"]
[Black "Druska, Juraj"]
[Result "1-0"]
[WhiteElo "2502"]
[BlackElo "2515"]
[Annotator "TA"]
[PlyCount "117"]
[EventDate "2020.08.23"]
[EventType "tourn"]
[EventCountry "SVK"]
[SourceTitle "playchess.com"]
[Source "ChessBase"]
[SourceQuality "1"]

{[%evp 18,117,0,6,22,33,62,80,70,74,96,93,90,79,111,114,151,139,135,136,135,135,159,158,147,131,120,66,121,90,197,184,184,181,183,181,281,274,298,312,266,306,306,297,418,422,428,395,479,445,481,436,573,568,724,708,1065,1022,952,776,711,402,202,8,8,8,8,48,295,295,264,264,608,608,535,483,650,503,437,485,641,616,29970,29971,29969,29972,29972,29969,29978,320,29980,29981,29981,29982,29982,29983,29983,29984,29984,29985,29987,29986]} 1. d4 d5 2. Nf3 Nf6 3. g3 e6 4. Bg2 Be7 5. O-O O-O 6. c4 dxc4 7. Ne5 Nc6 8. Nxc6 bxc6 9. Na3 Bxa3 10. bxa3 {[%cal Bb2a3,Ba3a4,Ba4a5][%mdl 32]} Rb8 {E05: Open Catalan: 5 Nf3 Be7.} 11. Qa4 Rb6 12. Qxc4 Ba6 {White is better.} 13. Qc2 Nd5 14. Rd1 f5 {[#]} 15. a4 $146 ({Predecessor:} 15. e4 fxe4 16. Bxe4 h6 {½-½ (16) Sigurjonsson,G-Triana,J Cienfuegos 1975}) 15... Qd6 16. a5 Rb7 17. a4 Rfb8 18. Ba3 Qd7 19. e4 fxe4 20. Bxe4 h6 21. Rdc1 Rb3 {Threatening ...Nc3.} 22. Qd2 (22. Qc5 $16) 22... Qe8 ({Black should try} 22... Qf7 $14) 23. Bc5 R8b7 (23... Qh5 $16 {was called for.}) 24. Rab1 Rxb1 25. Bxb1 (25. Rxb1 Nf6 $16) 25... Qh5 26. Re1 Rxb1 (26... Nf6 $142 27. Qc2 Kh8) 27. Rxb1 $18 Qf3 {With the idea ...Nc3.} 28. h3 ({Inferior is} 28. Bxa7 Nc3 $15) 28... Qf5 29. Rb8+ Kh7 30. Kg2 ({Much less strong is} 30. Bxa7 Qxh3 31. Rb1 Kg8 $18) 30... Nf6 (30... h5 $142 31. f3 (31. Bxa7 h4 $18) 31... g5) 31. f3 h5 32. Rb2 Nd5 33. h4 Nf6 34. Bxa7 Bc4 35. Bc5 Bd5 36. Qe2 g5 37. hxg5 Ng4 38. g6+ Kxg6 39. Rd2 {Strongly threatening Qd3.} h4 {[#]} 40. gxh4 $2 (40. Kg1 $1 $18 Bxf3 41. Qd3) 40... Qf4 $11 {( -> ...Qh2+)} 41. Kg1 Qg3+ {[%mdl 64] Double Attack} 42. Qg2 Qe1+ {This costs Black the game.} 43. Qf1 Qe3+ 44. Rf2 $1 Bxf3 $2 {[#]} (44... Nxf2 45. Qxf2 Qxf2+ 46. Kxf2 Bc4) 45. d5 $1 $18 Qxc5 46. Qd3+ {[%mdl 64] Double Attack} Kg7 {[%csl Gg4][%cal Rc5f2]} 47. Qxf3 Nxf2 48. Qxf2 Qxa5 49. dxe6 {Threatens to win with e7.} Qxa4 {[%mdl 4096] Endgame KQ-KQ} 50. Qf7+ {[%mdl 64] Double Attack} Kh6 51. Qf6+ Kh7 52. Qe7+ Kh6 53. Qg5+ Kh7 54. e7 {White mates.} Qd4+ 55. Kg2 Qe4+ 56. Kg3 Qd3+ 57. Kf4 Qc4+ 58. Ke5 Qf7 59. h5 {Accuracy: White = 85%, Black = 63%.} 1-0

[Event "Skalica Masters 2020"]
[Site "Skalica"]
[Date "2020.08.29"]
[Round "8.4"]
[White "Schwarz, Dusan"]
[Black "Donchenko, Alexander"]
[Result "0-1"]
[WhiteElo "2297"]
[BlackElo "2657"]
[Annotator "ChessBase"]
[PlyCount "46"]
[EventDate "2020.08.23"]
[EventType "tourn"]
[EventCountry "SVK"]
[SourceTitle "playchess.com"]
[Source "ChessBase"]
[SourceQuality "1"]
[TimeControl "40/5400+30:1800+30"]

1. d4 {[%emt 0:00:00]} Nf6 {[%emt 0:00:00]} 2. c4 {[%emt 0:00:00]} e6 {[%emt 0:00:09]} 3. Nf3 {[%emt 0:00:00]} d5 {[%emt 0:01:01]} 4. Nc3 {[%emt 0:00:39]} dxc4 {[%emt 0:00:48]} 5. e3 {[%emt 0:01:10]} a6 {[%emt 0:00:15]} 6. a4 {[%emt 0:00:47]} b6 {[%emt 0:00:18]} 7. Bxc4 {[%emt 0:00:38]} Bb7 {[%emt 0:00:08]} 8. O-O {[%emt 0:00:52]} Bb4 {[%emt 0:00:29]} 9. Qb3 {[%emt 0:06:19]} Qe7 {[%emt 0:01:08]} 10. d5 {[%emt 0:11:12]} Bxc3 {[%emt 0:12:40]} 11. dxe6 {[%emt 0:00:13]} Bb4 {[%emt 0:09:13]} 12. exf7+ {[%emt 0:00:44]} Kf8 {[%emt 0:00:15]} 13. e4 {[%emt 0:12:30]} Nc6 {[%emt 0:04:16]} 14. e5 {[%emt 0:04:19]} Ne4 {[%emt 0:00:41]} 15. Qc2 {[%emt 0:06:47]} Nxe5 {[%emt 0:02:44]} 16. Nd4 {[%emt 0:02:48]} Nc5 {[%emt 0:06:45]} 17. Bf4 {[%emt 0:11:18]} Nxc4 {[%emt 0:05:44]} 18. Qxc4 {[%emt 0:00:14]} a5 {[%emt 0:01:58]} 19. Nb5 {[%emt 0:21:23]} Qxf7 {[%emt 0:00:27]} 20. Qxf7+ {[%emt 0:01:34]} Kxf7 {[%emt 0:00:02]} 21. Bxc7 {[%emt 0:00:16]} Ba6 {[%emt 0:00:50]} 22. Nd6+ {[%emt 0:02:51]} Ke6 {[%emt 0:00:47]} 23. Rfd1 {[%emt 0:00:15]} Nb3 {[%emt 0:00:14]} 0-1

[Event "Skalica Masters 2020"]
[Site "Skalica"]
[Date "2020.08.29"]
[Round "8.5"]
[White "Blohberger, Felix"]
[Black "Berkes, Ferenc"]
[Result "1/2-1/2"]
[WhiteElo "2467"]
[BlackElo "2661"]
[Annotator "ChessBase"]
[PlyCount "32"]
[EventDate "2020.08.23"]
[EventType "tourn"]
[EventCountry "SVK"]
[SourceTitle "playchess.com"]
[Source "ChessBase"]
[SourceQuality "1"]
[TimeControl "40/5400+30:1800+30"]

1. e4 {[%emt 0:00:00]} c6 {[%emt 0:00:00]} 2. d4 {[%emt 0:00:16]} d5 {[%emt 0:00:00]} 3. e5 {[%emt 0:00:07]} Bf5 {[%emt 0:01:37]} 4. h4 {[%emt 0:00:07]} h5 {[%emt 0:00:33]} 5. c4 {[%emt 0:00:07]} e6 {[%emt 0:00:08]} 6. Nc3 {[%emt 0:00:08]} dxc4 {[%emt 0:00:54]} 7. Bxc4 {[%emt 0:00:42]} Nd7 {[%emt 0:00:08]} 8. Nge2 {[%emt 0:01:27]} Be7 {[%emt 0:05:25]} 9. Bf4 {[%emt 0:05:32]} Nh6 {[%emt 0:14:38]} 10. g3 {[%emt 0:01:33]} Bg4 {[%emt 0:09:09]} 11. Qd2 {[%emt 0:29:13]} Nb6 {[%emt 0:09:39]} 12. Bb3 {[%emt 0:04:30]} Bf3 {[%emt 0:02:46]} 13. O-O {[%emt 0:08:59]} Nf5 {[%emt 0:02:40]} 14. Bg5 {[%emt 0:03:00]} Bxg5 {[%emt 0:05:21]} 15. hxg5 {[%emt 0:01:20]} g6 {[%emt 0:00:50]} 16. Qf4 {[%emt 0:02:39]} Bxe2 {[%emt 0:02:17]} 1/2-1/2

[Event "Skalica Masters 2020"]
[Site "Skalica"]
[Date "2020.08.30"]
[Round "9.1"]
[White "Berkes, Ferenc"]
[Black "Jablonicky, Martin"]
[Result "1-0"]
[WhiteElo "2661"]
[BlackElo "2314"]
[Annotator "TA"]
[PlyCount "65"]
[EventDate "2020.08.23"]
[EventType "tourn"]
[EventCountry "SVK"]
[SourceTitle "playchess.com"]
[Source "ChessBase"]
[SourceQuality "1"]

{[%evp 14,65,37,41,40,22,24,30,25,-23,0,-39,95,110,104,-14,-8,-14,-13,-8,-14,-8,-4,-109,-35,-50,0,0,12,-5,0,0,0,0,0,0,0,0,0,0,0,0,0,0,69,55,197,188,789,780,29979,29980,29995,29996]} 1. d4 Nf6 2. c4 g6 3. Nc3 Bg7 4. e4 d6 5. Nf3 O-O 6. Be2 Bg4 7. Be3 Nfd7 8. Rc1 a5 {E91: King's Indian: Classical: 6 Be2, unusual replies including 6...c5 and 6...Bg4.} 9. h4 e5 10. d5 Na6 {White has an edge.} 11. g3 {[#]} Nac5 $146 ({Predecessor:} 11... Qe8 12. h5 Bxh5 13. Rxh5 gxh5 14. Nh4 f5 15. Bxh5 Qe7 16. Nxf5 Rxf5 17. exf5 e4 {1-0 (35) Heider,M (2360)-Barthel,A (2145) Lambsheim 2017}) 12. h5 f5 (12... gxh5 $6 13. Nh4 $16) (12... Bxh5 $15 {keeps the upper hand.} 13. Kf1 Qe7) 13. hxg6 $16 hxg6 14. Rh4 (14. Nh4 $16) 14... Bxf3 $11 15. Bxf3 {[#]} f4 $1 $36 {[%mdl 2560] Black has some pressure.} 16. Bxc5 $1 (16. gxf4 Qxh4) 16... Nxc5 17. Ke2 fxg3 18. fxg3 (18. Rg4 $1 $11) 18... Qf6 ({Black should try} 18... Bf6 $17 19. Rg4 Bg5) 19. Qh1 $15 Rf7 (19... Qg5 20. Rg4 $11) 20. Rf1 Raf8 21. Nd1 g5 22. Rh5 Qg6 23. Ne3 $1 g4 24. Bg2 {Black must now prevent Rff5.} Rxf1 25. Nxf1 Qe8 (25... Qf7 $5 26. Rf5 $8 Qd7 $14) 26. Ne3 {Threatens to win with b3.} Qa4 27. Qb1 b5 28. Rg5 {b3 is the strong threat.} bxc4 (28... Rf7 $11) 29. Nf5 $14 ({Reject} 29. Rxg4 Rf7 $11) 29... Rxf5 {A mistake that costs the game.} (29... Rf7 $1 $14) 30. exf5 $18 {Strongly threatening f6.} ({Not} 30. Rxf5 Qb5 $17) 30... Qb5 $2 (30... c3 31. bxc3 Qc4+ 32. Kf2 Qxc3 33. Rxg4 (33. Qb8+ Kh7 $11) 33... Nd7) 31. f6 $1 {[%mdl 64] Pin} c3+ {[#]} 32. Ke3 $1 Qxb2 33. Rxg7+ {[%mdl 64] Double Attack. Accuracy: White = 74%, Black = 51%.} 1-0